Coral islands of the western Indian Ocean /

Saved in:
Bibliographic Details
Other Authors: Stoddart, D. R. (ed., Editor)
Format: Book
Language:English
Published: Washington : Smithsonian Institution, 1970.
Series:Atoll research bulletin ; no. 136.
Subjects:
Tags: Add Tag
No Tags, Be the first to tag this record!
LEADER 02481nam a2200265I 4500
001 006445879-2
005 20140909111032.0
008 830517s1970 dcuab f000 0 eng d
035 0 |a ocm09517734 
040 |a SMI  |c SMI  |d BOH 
043 |a i------ 
050 4 |a QE565  |b .C78 
090 |a QE565  |b .C78 
245 0 0 |a Coral islands of the western Indian Ocean /  |c edited by D.R. Stoddart. 
260 |a Washington :  |b Smithsonian Institution,  |c 1970. 
300 |a ix, 224 p. :  |b ill., maps ;  |c 27 cm. 
490 1 |a Atoll research bulletin ;  |v no. 136 
505 0 |a 1. Introduction / D.R. Stoddart -- 2. Geography and ecology of Farquhar Atoll / D.R. Stoddart and M.E.D. Poore -- 3. Plants of Farquhar Atoll / F.R. Fosberg and S.A. Renvoize -- 4. An old record of a Blue Pigeon, Alectroenas species, and sea-birds on Farquhar and Providence / D.R. Stoddart and C.W. Benson -- 5. Geography and ecology of Cosmoledo Atoll / C.J. Bayne [and others] -- 6. Plants of Cosmoledo Atoll / F.R. Fosberg and S.A. Renvoize -- 7. Land (including shore) birds of Cosmoledo / C.W. Benson -- 8. Geography and ecology of Astove / C.J. Bayne [and others] -- 9. Plants of Astove / F.R. Fosberg and S.A. Renvoize -- 10. Note on the Lepidoptera of Astove Atoll / J.F.G. Lionnet -- 11. Land (including shore) birds of Astove / C.W. Benson -- 12. Ecological change and effects of phosphate mining on Assumption Island / D.R. Stoddart, C.W. Benson, and J.F. Peake -- 13. Plants of Assumption Island / F.R. Fosberg and S.A. Renvoize -- 14. Geography and ecology of Desroches / D.R. Stoddart and M.E.D. Poore -- 15. Plants of Desroches / F.R. Fosberg and S.A. Renvoize -- 16. Geography and ecology of Remire / D.R. Stoddart and M.E.D. Poore -- 17. Plants of Remire (Eagle) Island, Amirantes / F.R. Fosberg and S.A. Renvoize -- 18. Geography and ecology of African Banks / D.R. Stoddart and M.E.D. Poore -- 19. Plants of African Banks (Iles Africaines) / F.R. Fosberg and S.A. Renvoize -- 20. An introduction of Streptopelia picturata into the Amirantes / C.W. Benson -- 21. Geography and ecology of Tromelin Island / F. Staub -- 22. Some ornithological observations from the western Indian Ocean / I.S.C. Parker -- Appendix: Names of islands / J.F.G. Lionnet. 
650 0 |a Coral reefs and islands. 
651 0 |a Indian Ocean. 
700 1 |a Stoddart, D. R.  |q (David Ross),  |e ed. 
700 1 |a Stoddart, D. R.  |q (David Ross),  |e editor. 
830 0 |a Atoll research bulletin ;  |v no. 136. 
988 |a 20020608 
906 |0 OCLC